U.S. Capitol Complex Office Buildings - Statistics

General Stats
  • This quiz has been taken 19 times
  • The average score is 4 of 8
Answer Stats
Hint Answer % Correct
House Rayburn House Office Building
88%
Senate Hart Senate Office Building
69%
House Longworth House Office Building
63%
House Cannon House Office Building
56%
House Ford House Office Building
44%
House O'Neill House Office Building
44%
Senate Dirksen Senate Office Building
38%
Senate Russell Senate Office Building
38%
No matching quizzes found
Score Distribution
Percent of People with Each Score
Percentile by Number Answered
Your Score History
You have not taken this quiz